Guatemala: realineamiento
Zapisane w:
| Format: | Texto |
|---|---|
| Język: | Spanish |
| Hasła przedmiotowe: | |
| Etykiety: |
Dodaj etykietę
Nie ma etykietki, Dołącz pierwszą etykiete!
|
MARC
| LEADER | 00000 a a2200000 04500 | ||
|---|---|---|---|
| 001 | 18125 | ||
| 003 | cru CIDCACS/IIS | ||
| 005 | 20200611062549.0 | ||
| 008 | 200107b ||||| |||| 00| 0 spa d | ||
| 999 | |c 42786 |d 42786 | ||
| 040 | |c cru CIDCACS/IIS | ||
| 245 | 0 | |a Guatemala: |b realineamiento | |
| 300 | |a página 663 | ||
| 650 | |a ECONOMIA | ||
| 650 | 0 | |a IGLESIA |9 1860 | |
| 650 | 0 | |a MOVIMIENTOS SOCIALES |9 3 | |
| 651 | 0 | |9 142 |a GUATEMALA | |
| 773 | 0 | |0 42391 |9 4189 |a Agencia Latinoamericana de Información, ALAI |d Quito, Ecuador: ALAI |o 03955 |t ALAI: |x 08275564 (Servicio mensual de información y documentación) | |
| 942 | |2 ddc |c PP | ||
